Statistiques concernant Manga par Emoji

Cliquez ici pour prendre le quiz!

Statistiques générales

  • Ce quiz a été pris 5 857 fois
  • Le résultat moyen est 13 sur 20

Statistiques - réponses

HintRéponse% Correct
🐉🔮dragon ball
96%
💀📝death note
94%
🍥🥷naruto
94%
👒☠️one piece
90%
👺🗡️demon slayer
89%
👊👩‍🦲one punch man
89%
🧑‍🏫🐙🔪assassination classroom
82%
👨‍🚒🔥fire force
82%
🎣🗺️👊✋✌️hunter x hunter
78%
👨🏼‍🍳🏫food war
77%
🦸🏼‍♂️🦹🏼‍♂️🏫my hero academia
74%
🧑‍🏫🥋🏍🚬gto
56%
🦾✡️full metal alchemist
55%
🗡️🍀💪🏼black clover
54%
👩🎲💴🏫gambling school
51%
👨‍🔬🪨docteur stone
50%
💀🗡️👻bleach
44%
🕵️‍♂️👨‍👩‍👧spy x family
41%
👱🏻🧑🏻‍🖋📚bakuman
15%
💊⏳🏫re:life
6%

Distribution des résultats

Percentile par nombre de réponses

% des personnes avec chaque résultat

Votre développement - résultats

Vous n’avez pas pris ce quiz